| 000 -LEADER |
| fixed length control field |
01421cim a2200373 a 4500 |
| 001 - CONTROL NUMBER |
| control field |
5628252 |
| 003 - CONTROL NUMBER IDENTIFIER |
| control field |
NUST |
| 005 - DATE AND TIME OF LATEST TRANSACTION |
| control field |
20190927152014.0 |
| 007 - PHYSICAL DESCRIPTION FIXED FIELD--GENERAL INFORMATION |
| fixed length control field |
ssulunjlcnnnu |
| 008 - FIXED-LENGTH DATA ELEMENTS--GENERAL INFORMATION |
| fixed length control field |
910814s1990 njunnn r i eng |
| 010 ## - LIBRARY OF CONGRESS CONTROL NUMBER |
| LC control number |
91740606 |
| 020 ## - INTERNATIONAL STANDARD BOOK NUMBER |
| International Standard Book Number |
0138525757 |
| 038 ## - RECORD CONTENT LICENSOR |
| Staff Name |
waseem |
| 040 ## - CATALOGING SOURCE |
| Original cataloging agency |
DLC |
| Transcribing agency |
DLC |
| 050 10 - LIBRARY OF CONGRESS CALL NUMBER |
| Classification number |
RA785 |
| 050 00 - LIBRARY OF CONGRESS CALL NUMBER |
| Classification number |
RZA 1792 |
| 082 ## - DEWEY DECIMAL CLASSIFICATION NUMBER |
| Classification number |
155.9042 |
| Author Mark |
MIC |
| 245 04 - TITLE STATEMENT |
| Title |
The Stress management program |
| Medium |
[sound recording] / |
| Statement of responsibility, etc. |
the Petrie Method, Inc. |
| 260 ## - PUBLICATION, DISTRIBUTION, ETC. |
| Place of publication, distribution, etc. |
Englewood Cliffs, NJ : |
| Name of publisher, distributor, etc. |
Prentice Hall Audio, Business & Professional Division, |
| Date of publication, distribution, etc. |
p1990. |
| 300 ## - PHYSICAL DESCRIPTION |
| Extent |
4 sound cassettes (3 hr., 35 min.) : |
| Other physical details |
analog + |
| Accompanying material |
1 workbook (24 p. : ill. ; 23 cm.) |
| 306 ## - PLAYING TIME |
| Playing time |
033500 |
| 500 ## - GENERAL NOTE |
| General note |
Title from narration: The stress management hypnosis program. |
| 500 ## - GENERAL NOTE |
| General note |
In container (25 cm.) |
| 511 0# - PARTICIPANT OR PERFORMER NOTE |
| Participant or performer note |
Workbook prepared by and cassettes narrated by Jerome Michaels. |
| 520 ## - SUMMARY, ETC. |
| Summary, etc. |
Presents an interactive program designed to help the listener eliminate anger more easily and deal with everyday situations through the use of hypnosis. |
| 650 #0 - SUBJECT ADDED ENTRY--TOPICAL TERM |
| Topical term or geographic name entry element |
Stress management. |
| 9 (RLIN) |
4303 |
| 650 #0 - SUBJECT ADDED ENTRY--TOPICAL TERM |
| Topical term or geographic name entry element |
Anger |
| General subdivision |
Prevention. |
| 9 (RLIN) |
21821 |
| 650 #0 - SUBJECT ADDED ENTRY--TOPICAL TERM |
| Topical term or geographic name entry element |
Hypnotism |
| General subdivision |
Therapeutic use. |
| 9 (RLIN) |
21822 |
| 700 1# - ADDED ENTRY--PERSONAL NAME |
| Personal name |
Michaels, Jerome. |
| Relator code |
nrt |
| 9 (RLIN) |
21823 |
| 710 2# - ADDED ENTRY--CORPORATE NAME |
| Corporate name or jurisdiction name as entry element |
Petrie Method, Inc. |
| 9 (RLIN) |
21824 |
| 740 0# - ADDED ENTRY--UNCONTROLLED RELATED/ANALYTICAL TITLE |
| Uncontrolled related/analytical title |
Stress management hypnosis program. |
| 906 ## - LOCAL DATA ELEMENT F, LDF (RLIN) |
| a |
7 |
| b |
cbc |
| c |
orignew |
| d |
2 |
| e |
ncip |
| f |
19 |
| g |
y-genmusic |
| 942 ## - ADDED ENTRY ELEMENTS (KOHA) |
| Source of classification or shelving scheme |
|
| Koha item type |
Book |